NBA Players to Nicknames - Statistics

General Stats
  • This quiz has been taken 30 times
  • The average score is 18 of 22
Answer Stats
Hint Answer % Correct
The Greek Freak Giannis Antetokounmpo
100%
The Dream Hakeem Olajuwon
100%
KAT Karl-Anthony Towns
100%
KD Kevin Durant
100%
Black Mamba Kobe Bryant
100%
The Beard James Harden
97%
The Big Fundamental Tim Duncan
97%
The Mailman Karl Malone
93%
The Claw Kawhi Leonard
93%
PG-13 Paul George
93%
The Answer Allen Iverson
90%
Ant Man Anthony Edwards
90%
The Admiral David Robinson
90%
Dr J. Julius Erving
90%
The Logo Jerry West
86%
Spider Donovan Mitchell
76%
The Iceman George Gervin
76%
White Chocolate Jason Williams
72%
Human Highlight Dominique Wilkins
69%
The Big Ticket Kevin Garnett
66%
Mighty Mouse Damon Stoudamire
14%
Big Diesel Shaqille O’Neal
0%
No matching quizzes found
Score Distribution
Percent of People with Each Score
Percentile by Number Answered
Your Score History
You have not taken this quiz